000 00479nam a2200181Ia 4500
001 10950
005 20260306161910.0
008 260306t2006||||xx |||||||||||||| ||spa||
041 _aESP
082 _a985.03
_b22
100 _aGarcía Jordán, Pilar
_eAUT
245 0 _aNo soy libre y no indio:
_bsoy guarayo: para una historia de Guarayos, 1790-1948
260 _c2006
300 _a611 páginas :
_c24 cm.
650 _aGEN
654 _aCHU
942 _cLIB
_dJUS
_fJUS
_2ddc
_n
999 _c10950
_d10950